Statistics for Lana Del Rey lyrics

Click here to take the quiz!

General Stats

  • This quiz has been taken 841 times
  • The average score is 8 of 15

Answer Stats

HintAnswer% Correct
its you, its you, its all for youvideo games
94%
hot summers night, mid julyyoung and beautiful
79%
he plays guitar while I sing lou reedBrooklyn baby
77%
I've been out on that open roadride
77%
you fit me better than my favourite sweaterblue jeans
71%
yo soy la princesa, comprende mis white linesultraviolence
61%
he prays for love, he loves his drugs, he loves his baby tooshades of cool
54%
we were skipping school and drinking on the job, with the bossthis is what makes us girls
54%
We're living like Jim Morrisongods and monsters
46%
all he wants to do is party with his pretty babycola
42%
red racing cars, sunset in vineold money
41%
people never die in miamiflorida kilos
40%
I've been waiting to meet youbel air
26%
if you stick with me I could take you higherlucky ones
25%
I saw you creeping round the garden, what are you hiding?big eyes
15%

Score Distribution

Percentile by Number Answered

Percent of People with Each Score

Your Score History

You have not taken this quiz